25 meistgesprochene Sprachen (mit 2 Hinweisen) - Statistiken

Allgemein
  • Dieses Quiz wurde 18 mal gespielt
  • Das Durchschnittsergebnis liegt bei 14 aus 25
Antwortstatistiken
Rang Sprachfamilie Gesamtsprecher Sprache % Korrekt
1. Indogermanische Sprachen 1.453 Mio. Englisch
100%
5. Indogermanische Sprachen 274 Mio. Französisch
100%
4. Indogermanische Sprachen 559 Mio. Spanisch
100%
12. Indogermanische Sprachen 160 Mio. Deutsch
93%
6. Afroasiatische Sprachen 274 Mio. Hocharabisch
93%
13. Japanisch-Ryūkyū 125 Mio. Japanisch
93%
9. Indogermanische Sprachen 258 Mio. Portugiesisch
87%
8. Indogermanische Sprachen 258 Mio. Russisch
87%
17. Turksprachen 88 Mio. Türkisch
87%
3. Indogermanische Sprachen 610 Mio. Hindi
80%
11. Austronesische Sprachen 199 Mio. Indonesisch
60%
23. (isoliert) 82 Mio. Koreanisch
60%
24. Indogermanische Sprachen 77 Mio. Farsi
53%
2. Sinotibetische Sprachen 1.118 Mio. Mandarin-Chinesisch
53%
10. Indogermanische Sprachen 231 Mio. Urdu
47%
20. Austroasiatische Sprachen 86 Mio. Vietnamesisch
47%
7. Indogermanische Sprachen 273 Mio. Bengalisch
33%
19. Sinotibetische Sprachen 86 Mio. Kantonesisch
27%
18. Dravidische Sprachen 86 Mio. Tamil
20%
25. Afroasiatische Sprachen 77 Mio. Hausa
13%
21. Austronesische Sprachen 82 Mio. Tagalog
13%
22. Sinotibetische Sprachen 82 Mio. Wu-Chinesisch
13%
15. Indogermanische Sprachen 99 Mio. Marathi
7%
16. Dravidische Sprachen 96 Mio. Telugu
7%
14. Kreolsprache 121 Mio. Nigerianisches Pidgin
0%
Keine übereinstimmenden Quizze gefunden
Verteilung der Resultate
Anzahl Personen mit jedem Resultat
Perzentil nach korrekt beantworteten Fragen
Ihre Resultats-Entwicklung
Sie haben dieses Quiz noch nicht gespielt